Quizzes
Events
Quiz Creation
Community
Videos
Private Events
Remove Ads
Sign In
Join for FREE
Feedback
Dark Mode
Quiz Categories
Sports
Geography
Music
Movies
Television
Just For Fun
Miscellaneous
History
Literature
Language
Science
Gaming
Entertainment
Religion
Holiday
For Kids
Quiz Lab
Recent
Popular Today
Quiz Kudos Today
Editor Picks
Curator Picks
Quizzes by...
Day
Popularity
Type
Ratings
Length
Year
Community
Subscriptions
Recent Discussions
Orange Saloon
Badges
Playlists
Quests
Create
Leaderboards
Showdown
Live 5
Trivia Bingo
Activity
Puzzle Library
Sporcle Events
Private Events
Virtual Trivia
Globe League
Become a Host
Pub Owners
SporcleCon
Opinionation
Our Games
Videos
Blog
Mobile Apps
Partnerships
Remove Ads and Go Orange
Feedback
Literature
Harry Potter
A Song of Ice and Fire
The Hunger Games
Literary Character
Shakespeare
Book
Author
Novel
Poem
Young Adult
Children's Books
Play
Lord of the Rings
Literature
Harry Potter
A Song of Ice and Fire
The Hunger Games
Literary Character
Shakespeare
Book
Author
Novel
Poem
Young Adult
Children's Books
Play
Lord of the Rings
Random Quiz
Search Sporcle
×
Quiz Lab
Quiz Lab
Literature
Type in answers that appear in a list
Type in answers that appear in a list
Classic
Best Score? Go Orange.
Harry Potter Hogwarts Song Stats
Can you name the lyrics to the Hogwarts School song from Harry's first year?
By
owl_of_potato
5m
70 Questions
888 Plays
888 Plays
888 Plays
Comments
Comments
Give Quiz Kudos
Give Quiz Kudos
-
- Ratings
hide this ad
Replay
Link that replays current quiz
Next Quiz
Link to next quiz in quiz playlist
You Got
0%
They Got
Avg Score
59%
Avg Friend Score
Upgrade to see
Score Distribution
Jump to the score distribution portion of the page
Score
0/70
Timer
05:00
0
Plays Today
% Correct
Hogwarts
94.7%
Hogwarts
94.7%
Hogwarts,
94.7%
Hoggy
85.5%
us
82.8%
us
82.8%
and
82%
and
82%
and
82%
the
82%
And
82%
So
80.8%
Teach
80.2%
teach
80.2%
we
79.6%
something
78.6%
some
77.7%
please,
75.4%
Warty
74.7%
be
71.5%
with
67.2%
with
67.2%
with
67.2%
Our
66.4%
our
66.4%
old
64.6%
or
64.3%
young
62%
knees,
62%
of
60.9%
of
60.9%
Whether
59.6%
heads
59.4%
scabby
58.6%
do
58.4%
% Correct
do
58.4%
do
58.4%
could
53.9%
stuff,
53.9%
fluff,
53.2%
For
52.9%
filling
52.1%
bald
50.6%
full
49.5%
interesting
49.3%
brains
48.9%
bits
48.8%
now
48.4%
all
47%
learn
45.7%
what
45.1%
flies
44.6%
Dead
44%
rot!
43.7%
they're
43.4%
air,
42.3%
we'll
42.2%
bare
41.6%
your
41.3%
until
41.1%
best,
41%
things
40.7%
rest,
40.6%
worth
38.2%
knowing,
37.8%
forgot,
36.8%
back
34%
Bring
33.8%
we've
33.8%
Just
33.8%
Quiz Playlist
Details
Report
Send in Message
Add To Playlist
Classic:
Type in answers that appear in a list
Last Updated: Feb 16, 2017
Quiz Scoreboard
CHALLENGE
Sign Up to Join the Scoreboard
Show All
Scores
Hide
Comments
May contain spoilers
Recently Published
9x9 Crossword: Cartoon Network
by jackfrog10
Miscellaneous
3m
College Basketball Coaching Resumes
by pancakes188
Sports
9m
Billboard Blitz: Fleetwood Mac
by CooCooCachoo
Music
15s
More to Explore
Quiz From the Vault
Featured Blog Post
Where Did the Easter Bunny Come From?
hide this ad
You Might Also Like...
Tags
This quiz does not have any tags.
Today's Top Quizzes in Literature
Browse Literature
hide this ad
Top Contributed Quizzes in Literature
1
Sneaky Slytherin Logic Puzzle
2
Get The Picture: Black or White Literature
3
5-to-1: Plays
4
A Court of Thorns and Roses (ACoTaR) Logic Puzzle
5
One Thing in Common: Literature
6
One Thing in Common: Literature 3
7
One Thing in Common: Literature II
8
One Thing in Common: Books
9
Literary Siblings Odd One Out III
10
Harry Potter Neighbourly Logic Puzzle #1
Explore More
Trending Topics
Crossword
Harry Potter
Marvel
NBA
Anime
Disney
Kpop
Puzzle
NFL
Pokémon
The Office
Song
WWE
Soccer
Country
hide this ad
More By:
owl_of_potato
Quiz
Plays
Rating
Category
Featured
Created
Harry Potter Triwizard Tournament
1,304
3.62
Literature
Aug 9, 2010
Vancouver Canucks Roster 2010-2011
992
2.33
Sports
Jan 2, 2011
Harry Potter Hogwarts Song
888
4.36
Literature
Aug 9, 2010
Go to Creator's Profile
Score Distribution
Quiz Creator Spotlight
owl_of_potato
Follow
Send a Message
Quizzes Created
-
Created Quiz Play Count
-
More By This Creator
Popular Quizzes Today
1
Find the US States - No Outlines Minefield
2
Find the Countries of Europe - No Outlines Minefield
3
The Countries of the World
4
Find the US States
5
Risky Map Clicking: Biggest States A-Z
6
US States
7
Popular People in 1961
8
Movies - When Are They Set?
More Literature Quizzes
3 Literature Threesomes
Published
Trending Quizzes
Risky Map Clicking: Least Populous States A-Z
1-10 Letter G Words
1-10 Letter F Words
Risky Map Clicking: Next State Alphabetically
Adjectives in 80s TV Shows
Recently Updated
Leaping Animals
pecheneg
Reality TV Shows (A-Z)
bhenderson79
Rickey Henderson's Hall of Fame Teammates
pecheneg
Champions League XIs: Arsenal
pecheneg
Quick Pick: Celebrities in WWE's Hall of Fame
aduchscher
A-Z Keypad Blitz II
pecheneg
Multiple Oscar Actors
pecheneg
Mystery Phrase Blitz: Oscar 'Best Actors'
pecheneg
F. Scott Fitzgerald Novels
LTH
Pick 3 Villains
ddd62291
Trending Topics
Anime
NBA
Crossword
Harry Potter
Kpop
Marvel
Disney
Puzzle
Pokémon
Song
Country
Soccer
The Office
NFL
WWE
Your Account Isn't Verified!
In order to create a playlist on Sporcle, you need to verify the email address you used during registration. Go to your
Sporcle Settings
to finish the process.
Report this User
Report this user for behavior that violates our
Community Guidelines
.
Details:
Send Report
Go to the Sporcle.com Mobile Site →
Comments